[Event "Match"]
[Site "www.echecsemail.com"]
[Date "2015.02.06"]
[Round "1"]
[White "Cardiff"]
[Black "Maestro"]
[WhiteElo "1950"]
[BlackElo "1970"]
[Result "1-0"]
[Round "1"]
1.e4 e5
2.Nb1c3 Ng8f6
3.f4 Nb8c6
4.Ng1f3 d6
5.Bf1b5 Bc8g4
6.Bb5xc6 bxc6
7.d3 Qd8b8
8.fxe5 dxe5
9.O-O Bf8c5
10.Kh1 O-O
11.h3 Bg4xf3
12.Qd1xf3 Bc5d4
13.Nc3d1 a5
14.c3 Bd4a7
15.Bc1g5 Nf6d7
16.b3 h6
17.Bg5e3 Ba7xe3
18.Nd1xe3 Nd7b6
19.Qf3g3 Qb8e8
20.Ne3f5 g6
21.Nf5xh6 Kh7
22.Qg3h4 Kg7
23.Nh6g4 Rf8h8
24.Qh4f6 Kh7
25.Qf6xf7 Qe8xf7
26.Rf1xf7 Kg8
27.Ra1f1 Rh8h4
28.Rf7xc7 Ra8c8
29.Rc7xc8 Nb6xc8
30.Ng4xe5 g5
31.Ne5xc6 a4
32.bxa4 Rh4h6
33.Nc6e5 Rh6a6
34.d4 Ra6xa4
35.Rf1f2 Nc8d6
36.Rf2e2 Nd6c4
37.Ne5xc4 Ra4xc4
38.Re2e3 Kf7
39.e5 Ke6
40.g3 Rc4a4
41.h4 gxh4
42.gxh4 Ra4xa2
43.h5 Ra2d2
44.Re3h3 { resign }
1-0

[Event "Match"]
[Site "www.echecsemail.com"]
[Date "2015.02.06"]
[Round "1"]
[White "Generalfree"]
[Black "Fred"]
[WhiteElo "1840"]
[BlackElo "2020"]
[Result "1-0"]
[Round "1"]
1.e4 e5
2.Ng1f3 Nb8c6
3.Bf1c4 Bf8c5
4.Bc4xf7 Kxf7
5.Nf3xe5 Nc6xe5
6.Qd1h5 Ke6
7.f4 Ng8f6
8.Qh5xe5 Kf7
9.Qe5xc5 d6
10.Qc5c4 Bc8e6
11.Qc4b4 b6
12.O-O Rh8f8
13.f5 Be6d7
14.Qb4c4 d5
15.exd5 Kg8
16.d6 Kh8
17.dxc7 Qd8e7
18.d3 h6
19.Nb1c3 Ra8c8
20.Bc1d2 Qe7c5
21.Qc4xc5 bxc5
22.Bd2f4 Nf6h5
23.Bf4d6 Rf8xf5
24.Rf1xf5 Bd7xf5
25.Ra1f1 Bf5d7
26.Rf1f7 Bd7e6
27.Rf7f8 Rc8xf8
28.Bd6xf8 Nh5f6
29.Bf8xc5 Nf6e8
30.Nc3b5 a6
31.Nb5d4 Ne8xc7
32.Nd4xe6 Nc7xe6
33.b4 Kg8
34.d4 Ne6c7
35.c4 Kf7
36.d5 Ke8
37.Bc5d6 Kd7
38.Bd6xc7 Kxc7
39.c5 g6
40.g4 Kd7
41.Kf2 Kc7
42.Ke3 Kd7
43.Kd4 Kc7
44.Ke5 Kd7
45.h4 Ke7
46.c6 Kd8
47.d6 Kc8
48.Ke6 Kd8
49.c7 Kc8
50.Ke7 { resign }
1-0

[Event "Match"]
[Site "www.echecsemail.com"]
[Date "2015.02.06"]
[Round "1"]
[White "Billyg"]
[Black "Generalfree"]
[WhiteElo "1620"]
[BlackElo "1840"]
[Result "0-1"]
[Round "1"]
1.e4 e5
2.Ng1f3 Nb8c6
3.Bf1b5 Ng8e7
4.Bb5xc6 Ne7xc6
5.d4 exd4
6.Nf3xd4 Nc6e5
7.f4 Ne5c4
8.b3 Nc4d6
9.Nb1c3 a6
10.O-O c5
11.Nd4f5 g6
12.Nf5xd6 Bf8xd6
13.e5 Bd6e7
14.Bc1a3 b6
15.Qd1f3 Ra8b8
16.f5 gxf5
17.Qf3xf5 O-O
18.Rf1f4 d5
19.Qf5d3 d4
20.Nc3e4 Qd8c7
21.Qd3g3 Kh8
22.Ra1f1 Bc8e6
23.Ne4g5 Be7xg5
24.Rf4g4 Be6xg4
25.Qg3xg4 Rf8g8
26.Qg4h5 Rg8g7
27.Rf1f5 Rb8g8
28.h4 Bg5e3
29.Kh1 Qc7b7
30.Qh5f3 Qb7xf3
31.Rf5xf3 Rg7xg2
{ resign }
0-1

[Event "Match"]
[Site "www.echecsemail.com"]
[Date "2015.02.06"]
[Round "1"]
[White "Roqueur"]
[Black "Darko10"]
[WhiteElo "2600"]
[BlackElo "2350"]
[Result "1-0"]
[Round "1"]
1.e4 e5
2.Ng1f3 Ng8f6
3.Nf3xe5 d6
4.Ne5f3 Nf6xe4
5.d4 d5
6.Bf1d3 Nb8c6
7.O-O Bc8g4
8.c4 Bf8e7
9.Nb1c3 Ne4xc3
10.bxc3 O-O
11.Ra1b1 dxc4
12.Bd3xc4 Nc6a5
13.Bc4d3 c5
14.Rf1e1 cxd4
15.cxd4 Be7f6
16.d5 Qd8d7
17.Bc1a3 Rf8d8
18.h3 Bg4f5
19.Bd3b5 Qd7c7
20.d6 Qc7c8
21.Rb1c1 Na5c6
22.Nf3e5 Bf6xe5
23.Re1xe5 h6
24.Qd1d5 Bf5e6
25.Qd5e4 Rd8e8
26.Ba3b2 a6
27.Bb5d3 f5
28.Qe4f4 Qc8d7
29.Re5e3 g5
30.Re3g3 Kf8
31.Rg3xg5 hxg5
32.Qf4xg5 Re8e7
33.Qg5f6 Ke8
34.Qf6h8 Kf7
35.Qh8h5 Kf8
36.dxe7 Kxe7
37.Rc1d1 Ra8g8
38.Bb2a3 Kd8
39.Bd3c4 Be6xc4
40.Qh5h4 { resign }
1-0

[Event "Match"]
[Site "www.echecsemail.com"]
[Date "2015.02.06"]
[Round "1"]
[White "Llord"]
[Black "Ztornad"]
[WhiteElo "1750"]
[BlackElo "1670"]
[Result "1-0"]
[Round "1"]
1.e4 e5
2.Ng1f3 d6
3.Nb1c3 h5
4.Bf1c4 Bc8e6
5.Bc4xe6 fxe6
6.d4 exd4
7.Nf3xd4 Qd8e7
8.O-O Nb8c6
9.Nd4xc6 Qe7f7
10.Nc6d4 e5
11.Nd4b5 a6
12.Nb5a3 Ng8e7
13.Nc3d5 Ne7xd5
14.exd5 b5
15.f4 e4
16.Rf1e1 Qf7f5
17.c3 Bf8e7
18.Na3c2 O-O-O
19.Nc2d4 Qf5xd5
20.Nd4b3 Qd5f7
21.Re1xe4 d5
22.Re4d4 c6
23.Nb3a5 c5
24.Rd4d3 g6
25.Na5c6 c4
26.Nc6xd8 Rh8xd8
27.Rd3e3 Be7c5
28.Qd1f3 Qf7f5
29.Kf1 Bc5xe3
30.Bc1xe3 Kc7
31.Qf3f2 Kd7
32.Ra1e1 Rd8e8
33.Re1d1 g5
34.Qf2f3 Kc6
35.h3 g4
36.hxg4 hxg4
37.Qf3f2 Re8e4
38.Rd1d4 Re4e7
39.g3 Re7h7
40.Qf2g2 Qf5b1
41.Kf2 Rh7d7
42.Rd4d2 Qb1f5
43.b3 Rd7b7
44.b4 Rb7d7
45.Be3d4 Rd7h7
46.Bd4e5 Rh7h5
47.Qg2xd5 Kb6
48.Qd5d6 Kb7
49.Qd6c7  { time }
1-0

[Event "1/16 Finale"]
[Site "www.chess-mail.com"]
[Date "2015.02.06"]
[Round "1"]
[White "Ingauno64"]
[Black "Seger"]
[WhiteElo "2510"]
[BlackElo "2700"]
[Result "1/2-1/2"]
[Round "1"]
1.Ng1f3 Ng8f6
2.c4 d5
3.cxd5 Nf6xd5
4.d4 f5
5.g3 e6
6.Bf1g2 Bf8e7
7.O-O O-O
8.Nb1c3 Nb8c6
9.a3 a5
10.Rf1e1 Qd8d7
11.Qd1c2 b6
12.e4 fxe4
13.Qc2xe4 Ra8b8
14.Nf3g5 Be7xg5
15.Bc1xg5 Nc6e7
16.Ra1c1 Nd5xc3
17.Rc1xc3 Ne7d5
18.Rc3c2 h6
19.Bg5d2 Rf8f6
20.Qe4e5 Bc8b7
21.Bg2xd5 Qd7xd5
22.Qe5xd5 Bb7xd5
23.Rc2xc7 Rf6f3
24.Re1e3 Rf3f7
25.Re3c3 g5
26.f4 g4
27.f5 exf5
28.Bd2xh6 Rb8e8
29.Kf2 { draw }
1/2-1/2

[Event "1/16 Finale"]
[Site "www.chess-mail.com"]
[Date "2015.02.06"]
[Round "1"]
[White "Ingauno64"]
[Black "Morse"]
[WhiteElo "2510"]
[BlackElo "2200"]
[Result "1-0"]
[Round "1"]
1.Ng1f3 Ng8f6
2.c4 g6
3.g3 Bf8g7
4.Bf1g2 O-O
5.O-O c6
6.b3 d5
7.Bc1b2 Qd8b6
8.Qd1c1 dxc4
9.bxc4 Nb8a6
10.d3 Bc8g4
11.Nb1d2 Rf8d8
12.Ra1b1 Qb6c7
13.h3 Bg4xf3
14.Nd2xf3 Na6c5
15.Qc1c2 Nc5e6
16.Bb2e5 Qc7d7
17.Qc2b2 b6
18.a4 Ne6c5
19.a5 bxa5
20.Qb2a3 Nc5e6
21.Qa3xa5 Nf6e8
22.Be5xg7 Kxg7
23.Nf3e5 Qd7d6
24.Ne5xc6 Rd8d7
25.Qa5e5 f6
26.Qe5xd6 { resign }
1-0

[Event "Tourn. n8057"]
[Site "www.chess-mail.com"]
[Date "2015.02.07"]
[Round "1"]
[White "E4player"]
[Black "Drdoom"]
[WhiteElo "1809"]
[BlackElo "1740"]
[Result "1-0"]
[Round "1"]
1.e4 e5
2.Ng1f3 d6
3.d4 exd4
4.Nf3xd4 a6
5.c4 c5
6.Nd4f3 h6
7.Nb1c3 Nb8c6
8.Bc1e3 Bc8g4
9.h3 Bg4xf3
10.Qd1xf3 Nc6e5
11.Qf3g3 Ng8f6
12.Bf1e2 Ra8b8
13.Be3xc5 Ne5xc4
14.Be2xc4 dxc5
15.Ra1d1 Qd8c8
16.e5 Nf6g8
17.e6 { resign }
1-0

[Event "Tourn. n8071"]
[Site "www.chess-mail.com"]
[Date "2015.02.07"]
[Round "1"]
[White "Terrible"]
[Black "Gorgo"]
[WhiteElo "2270"]
[BlackElo "2019"]
[Result "1-0"]
[Round "1"]
1.d4 Ng8f6
2.Ng1f3 d5
3.c4 e6
4.Bc1g5 Bf8b4
5.Nb1c3 Nb8d7
6.Qd1b3 Bb4a5
7.e3 h6
8.Bg5xf6 Nd7xf6
9.cxd5 exd5
10.Bf1d3 O-O
11.O-O c6
12.Ra1c1 Qd8e7
13.h3 Rf8e8
14.Qb3a4 b6
15.Qa4xc6 Ra8b8
16.Nc3xd5 Nf6xd5
17.Qc6xd5 Bc8b7
18.Qd5f5 g6
19.Qf5f4 Bb7xf3
20.Qf4xf3 Rb8d8
21.Qf3f4 f6
22.Bd3xg6 Re8f8
23.Rc1c7 { resign }
1-0

[Event "Tourn. n7947"]
[Site "www.chess-mail.com"]
[Date "2015.02.07"]
[Round "1"]
[White "Maxlou"]
[Black "Kozakliuty"]
[WhiteElo "1660"]
[BlackElo "1480"]
[Result "1-0"]
[Round "1"]
1.d4 b5
2.c3 a6
3.a4 Bc8b7
4.axb5 axb5
5.Ra1xa8 Bb7xa8
6.Nb1a3 c6
7.e4 e6
8.Bf1d3 Bf8xa3
9.bxa3 Ng8e7
10.Ng1e2 O-O
11.O-O d5
12.exd5 exd5
13.a4 bxa4
14.Qd1xa4 Nb8d7
15.Bc1g5 f6
16.Bg5d2 c5
17.Ne2f4 Rf8e8
18.Bd3b5 Nd7b6
19.Qa4a6 { time. }
1-0

[Event "Tourn. n7980"]
[Site "www.chess-mail.com"]
[Date "2015.02.07"]
[Round "1"]
[White "Osopanda"]
[Black "Blackpool"]
[WhiteElo "1980"]
[BlackElo "1840"]
[Result "1-0"]
[Round "1"]
1.c4 Ng8f6
2.d4 g6
3.Nb1c3 d5
4.Ng1f3 Bf8g7
5.b3 O-O
6.Bc1a3 c6
7.e3 Rf8e8
8.Bf1d3 Qd8a5
9.Ba3b2 Bc8g4
10.O-O e6
11.h3 Bg4xf3
12.Qd1xf3 Nb8d7
13.e4 dxe4
14.Nc3xe4 Nf6xe4
15.Bd3xe4 Nd7f6
16.Be4b1 Ra8d8
17.Rf1d1 Nf6d7
18.Bb2c3 Qa5c7
19.a3 Nd7f6
20.Bb1a2 Nf6d7
21.Ra1c1 b6
22.b4 Nd7f8
23.d5 Bg7xc3
24.Rc1xc3 exd5
25.cxd5 c5
26.bxc5 bxc5
27.d6 { resign }
1-0

[Event "Tourn. n7844"]
[Site "www.chess-mail.com"]
[Date "2015.02.07"]
[Round "1"]
[White "Alvarin111"]
[Black "Mitja"]
[WhiteElo "2100"]
[BlackElo "1930"]
[Result "0-1"]
[Round "1"]
1.e4 d5
2.e5 a6
3.d4 e6
4.f4 f5
5.Ng1f3 h6
6.Bf1e2 Nb8c6
7.c3 Bf8e7
8.O-O g5
9.h3 g4
10.hxg4 fxg4
11.Nf3h2 h5
12.Bc1e3 Ng8h6
13.g3 Nh6f5
14.Be3f2 b5
15.Nb1a3 Nc6a5
16.Ra1b1 c6
17.Na3c2 Bc8b7
18.Nc2e3 Kd7
19.b4 Na5c4
20.Be2xc4 bxc4
21.Qd1c2 Qd8f8
22.a4 h4
23.Ne3xf5 exf5
24.Rb1e1 Ke6
25.a5 Qf8h6
26.Re1e2 hxg3
27.Bf2xg3 Be7h4
28.Re2g2 Bh4xg3
29.Rg2xg3 Rh8h7
30.Rf1f2 Ra8h8
31.Qc2a4 Qh6g7
32.Qa4a3 Rh7h3
33.Rf2g2 Rh3xg3
34.Rg2xg3 Rh8h3
35.Rg3g2 Qg7h6
36.Qa3b2 g3
37.Qb2d2 Rh3xh2
38.Rg2xh2 gxh2
39.Qd2xh2 Qh6g6
40.Kf2 Qg6g4
41.Qh2h6 Ke7
42.Qh6h2 Bb7c8
43.Qh2g3 Bc8e6
44.Qg3h2 Qg4d1
45.Qh2h4 Kd7
46.Qh4h7 Ke8
47.Qh7h8 Kd7
48.Qh8g7 Ke8
49.Qg7g6 Kd7
50.Qg6g3 Qd1g4
51.Qg3f3 Qg4h4
52.Ke3 Qh4e1
53.Qf3e2 Qe1xc3
{ resign }
0-1

[Event "Tourn. n7986"]
[Site "www.chess-mail.com"]
[Date "2015.02.07"]
[Round "1"]
[White "Falcoale"]
[Black "Difficult"]
[WhiteElo "1880"]
[BlackElo "1900"]
[Result "1-0"]
[Round "1"]
1.e4 d6
2.d4 Ng8f6
3.Nb1c3 g6
4.Bc1g5 Bf8g7
5.Ng1f3 c6
6.Bf1d3 O-O
7.Qd1d2 Qd8c7
8.O-O-O e5
9.dxe5 dxe5
10.Bg5h6 Nb8d7
11.Bh6xg7 Kxg7
12.Nf3h4 Nd7c5
13.h3 Nc5xd3
14.Qd2xd3 Bc8e6
15.Nh4f3 Rf8d8
16.Qd3e3 b6
17.Nf3g5 Be6d7
18.g4 h6
19.Ng5f3 Bd7e6
20.Rd1xd8 Ra8xd8
21.g5 h5
22.gxf6 Kxf6
23.h4 Kg7
24.Nf3g5 Qc7e7
25.Rh1g1 Kf8
26.Ng5xe6 Qe7xe6
27.f3 b5
28.Kb1 b4
29.Nc3a4 { resign }
1-0

[Event "Tourn. n7992"]
[Site "www.chess-mail.com"]
[Date "2015.02.07"]
[Round "1"]
[White "Falcoale"]
[Black "Bojan"]
[WhiteElo "1880"]
[BlackElo "2030"]
[Result "0-1"]
[Round "1"]
1.e4 e5
2.Ng1f3 d6
3.Bf1c4 h6
4.d4 exd4
5.Nf3xd4 Ng8f6
6.O-O Bf8e7
7.Rf1e1 Nb8d7
8.Nd4f5 g6
9.Nf5xh6 Nd7e5
10.Nh6xf7 Ne5xf7
11.Nb1c3 c6
12.Bc1f4 Nf6h5
13.Bc4xf7 Kxf7
14.Qd1f3 Kg7
15.Ra1d1 Nh5xf4
16.Qf3xf4 g5
17.Qf4e3 Qd8f8
18.e5 dxe5
19.Qe3xe5 Be7f6
20.Qe5c7 Kg6
21.Nc3e4 Rh8h7
22.Qc7a5 Bc8f5
23.Ne4xf6 Qf8xf6
24.Rd1d2 b6
25.Qa5a3 c5
26.Re1d1 Qf6e5
27.Rd2d6 Kf7
28.Qa3b3 Ke7
29.Rd6d5 Qe5xh2
30.Kf1 Rh7f7
31.Qb3e3 Kf8
32.Qe3xg5 Qh2h1
33.Ke2 Ra8e8
34.Kd2 Qh1h7
35.c3 Bf5e6
36.Rd5e5 Be6xa2
37.Re5xe8 Kxe8
38.Kc1 Qh7b1
39.Kd2 Qb1xb2
40.Kd3 Rf7d7
41.Ke3 Qb2xc3
42.Ke2 Ba2c4
{ resign }
0-1

[Event "Tourn. n8050"]
[Site "www.chess-mail.com"]
[Date "2015.02.07"]
[Round "1"]
[White "Gorgo"]
[Black "Oxycontin"]
[WhiteElo "1819"]
[BlackElo "2030"]
[Result "1/2-1/2"]
[Round "1"]
1.d4 d5
2.c4 e6
3.Nb1c3 c5
4.cxd5 exd5
5.Ng1f3 Nb8c6
6.dxc5 d4
7.Nc3a4 Bf8xc5
8.Na4xc5 Qd8a5
9.Qd1d2 Qa5xc5
10.e3 dxe3
11.Qd2xe3 Qc5xe3
12.Bc1xe3 Ng8f6
13.Bf1b5 Bc8d7
14.O-O O-O
15.Rf1e1 Rf8e8
{ draw }
1/2-1/2

[Event "Tourn. n8016"]
[Site "www.chess-mail.com"]
[Date "2015.02.07"]
[Round "1"]
[White "Difficult"]
[Black "Terrible"]
[WhiteElo "2020"]
[BlackElo "2290"]
[Result "0-1"]
[Round "1"]
1.d4 d5
2.Nb1c3 Ng8f6
3.Ng1f3 Nb8d7
4.g3 g6
5.Bf1g2 Bf8g7
6.O-O O-O
7.Nf3e5 Nd7xe5
8.dxe5 Nf6g4
9.Qd1xd5 Ng4xe5
10.Bc1f4 c6
11.Qd5xd8 Rf8xd8
12.Rf1d1 Bc8f5
13.e4 Bf5g4
14.Rd1xd8 Ra8xd8
15.h3 Bg4e6
16.Bg2f1 Ne5c4
17.Bf1xc4 Be6xc4
18.Ra1d1 Rd8xd1
19.Nc3xd1 Bc4xa2
20.b3 Ba2b1
21.Nd1e3 e5
{ resign }
0-1

[Event "Tourn. n7966"]
[Site "www.chess-mail.com"]
[Date "2015.02.07"]
[Round "1"]
[White "Kozakliuty"]
[Black "Gandalf"]
[WhiteElo "1500"]
[BlackElo "1580"]
[Result "0-1"]
[Round "1"]
1.g4 g6
2.Bf1g2 Bf8g7
3.h3 d5
4.d3 c6
5.c3 e5
6.e3 Ng8e7
7.Ng1e2 h5
8.gxh5 Rh8xh5
9.Ne2g3 Rh5h8
10.b3 Ne7f5
11.Bc1b2 Nf5xg3
12.fxg3 Qd8g5
13.Qd1f3 Qg5f5
{ time. }
0-1

[Event "Tourn. n8060"]
[Site "www.chess-mail.com"]
[Date "2015.02.07"]
[Round "1"]
[White "Guidom"]
[Black "Foxy100"]
[WhiteElo "2040"]
[BlackElo "2180"]
[Result "1-0"]
[Round "1"]
1.e4 c5
2.Ng1f3 d6
3.d4 cxd4
4.Nf3xd4 Ng8f6
5.Nb1c3 g6
6.Bf1c4 Bf8g7
7.O-O O-O
8.Bc1g5 h6
9.Bg5h4 Nb8c6
10.Nd4e2 Bc8g4
11.Bc4b3 Bg4xe2
12.Qd1xe2 Nf6d7
13.Qe2d2 Qd8a5
14.Rf1d1 Nd7c5
15.Bb3d5 Nc6b4
16.Bh4xe7 Nb4xd5
17.Be7xf8 Bg7xc3
18.Qd2xd5 { resign }
1-0

[Event "Tourn. n7955"]
[Site "www.chess-mail.com"]
[Date "2015.02.07"]
[Round "1"]
[White "Luban"]
[Black "Picifarkinca"]
[WhiteElo "2180"]
[BlackElo "2000"]
[Result "0-1"]
[Round "1"]
1.d4 Ng8f6
2.c4 e6
3.e3 Bf8b4
4.Bc1d2 Nb8c6
5.Nb1c3 O-O
6.Ng1f3 d6
7.a3 Bb4xc3
8.Bd2xc3 Nf6e4
9.Qd1c2 Ne4xc3
10.Qc2xc3 Rf8e8
11.e4 e5
12.d5 Nc6e7
13.Bf1d3 Ne7g6
14.g3 Bc8h3
15.Rh1g1 Bh3g4
16.Nf3d2 c6
17.f3 Bg4d7
18.b4 cxd5
19.cxd5 Qd8b6
20.Ke2 Ra8c8
21.Qc3b2 Rc8c7
22.Nd2c4 Rc7xc4
23.Bd3xc4 Re8c8
24.Ra1c1 Rc8xc4
25.Rc1xc4 Qb6xg1
{ resign }
0-1

[Event "Match"]
[Site "www.echecsemail.com"]
[Date "2015.02.07"]
[Round "1"]
[White "Reanna"]
[Black "Gorgo"]
[WhiteElo "1640"]
[BlackElo "1599"]
[Result "0-1"]
[Round "1"]
1.c4 e5
2.e4 Nb8c6
3.Ng1f3 Bf8c5
4.Bf1e2 f5
5.exf5 e4
6.Nf3d4 Bc5xd4
7.O-O Ng8f6
8.Be2h5 Kf8
9.Bh5g4 d5
10.d3 Nf6xg4
11.Qd1xg4 Nc6e5
12.Qg4h3 Ne5xd3
13.Nb1c3 dxc4
14.Nc3xe4 Qd8d5
15.Ne4g3 Bd4xb2
16.Bc1xb2 Nd3f4
17.Ra1d1 Nf4xh3
18.gxh3 Qd5f3
19.Rd1d8 Kf7
20.Rd8xh8 Bc8xf5
21.Rh8xa8 Bf5xh3
{ resign }
0-1

[Event "Match"]
[Site "www.echecsemail.com"]
[Date "2015.02.07"]
[Round "1"]
[White "Mrmoto"]
[Black "Masqu3"]
[WhiteElo "1600"]
[BlackElo "1480"]
[Result "1-0"]
[Round "1"]
1.e4 e5
2.Ng1f3 Nb8c6
3.Bf1b5 a6
4.Bb5a4 Ng8f6
5.d3 b5
6.Ba4b3 Bc8b7
7.O-O Bf8e7
8.a4 O-O
9.Rf1e1 Qd8e8
10.Nb1d2 Be7b4
11.c3 Nc6e7
12.cxb4 Ne7g6
13.Nd2f1 d6
14.Nf1g3  { time }
1-0

[Event "Match"]
[Site "www.echecsemail.com"]
[Date "2015.02.07"]
[Round "1"]
[White "Pinehill"]
[Black "Castletyme"]
[WhiteElo "1770"]
[BlackElo "1860"]
[Result "1/2-1/2"]
[Round "1"]
1.e4 e6
2.Ng1f3 d6
3.d4 c6
4.Bf1e2 Nb8d7
5.O-O Ng8e7
6.c4 Nd7f6
7.Nb1c3 Ne7g6
8.Bc1g5 Bf8e7
9.Qd1c2 { draw }
1/2-1/2

[Event "Match"]
[Site "www.echecsemail.com"]
[Date "2015.02.07"]
[Round "1"]
[White "Pariolinius"]
[Black "Oxycontin"]
[WhiteElo "1810"]
[BlackElo "2040"]
[Result "0-1"]
[Round "1"]
1.e4 Ng8f6
2.e5 Nf6d5
3.d4 d6
4.c4 Nd5b6
5.Ng1f3 dxe5
6.Nf3xe5 Nb8c6
7.d5 Nc6xe5
8.Nb1d2 g6
9.Bf1e2 Bf8g7
10.O-O O-O
11.Ra1b1 Bc8f5
12.Rb1a1 Ne5d3
{ resign }
0-1

[Event "Match"]
[Site "www.echecsemail.com"]
[Date "2015.02.07"]
[Round "1"]
[White "Oxycontin"]
[Black "Apdash"]
[WhiteElo "2060"]
[BlackElo "2160"]
[Result "1-0"]
[Round "1"]
1.Ng1f3 c5
2.e3 d5
3.d4 Ng8f6
4.c4 cxd4
5.exd4 e6
6.Nb1c3 dxc4
7.Bf1xc4 Bf8e7
8.O-O O-O
9.Rf1e1 Nb8c6
10.a3 Bc8d7
11.Bc1g5 Nc6a5
12.Bc4d3 Rf8e8
13.Ra1c1 b6
14.Nf3e5 Na5c6
15.Ne5xd7 Nf6xd7
16.Qd1h5 g6
17.Bg5xe7  { time }
1-0

[Event "Match"]
[Site "www.echecsemail.com"]
[Date "2015.02.07"]
[Round "1"]
[White "Oxycontin"]
[Black "Apoorva"]
[WhiteElo "2080"]
[BlackElo "2130"]
[Result "1-0"]
[Round "1"]
1.d4 d5
2.c4 Ng8f6
3.Ng1f3 dxc4
4.Nb1c3 g6
5.e4 c6
6.Bf1xc4 Bf8g7
7.O-O b5
8.Bc4d3 Bc8g4
9.Bc1e3 Nb8d7
10.e5 Nf6g8
11.Bd3e4 Ra8c8
12.a3 e6
13.Qd1d2 Bg4xf3
14.Be4xf3 a6
15.Nc3e4 Bg7f8
16.Ra1c1 f5
17.Ne4g5  { time }
1-0

[Event "1/128 Finale"]
[Site "www.chess-mail.com"]
[Date "2015.02.07"]
[Round "1"]
[White "Kozakliuty"]
[Black "Maxlou"]
[WhiteElo "1480"]
[BlackElo "1660"]
[Result "0-1"]
[Round "1"]
1.d3 d5
2.g3 e5
3.Bf1g2 Ng8f6
4.Nb1c3 Nb8c6
5.e3 Bf8e7
6.Ng1e2 O-O
7.O-O h6
8.Bc1d2 Bc8e6
9.f4 Qd8d7
10.fxe5 Nc6xe5
11.Ne2f4 Be6g4
12.Qd1e1 c6
13.a3 Bg4f5
14.Ra1d1 Ra8e8
15.Nc3e2 g5
16.Bd2c3 Ne5g4
17.Bc3xf6 Be7xf6
{ resign }
0-1

[Event "1/64 Finale"]
[Site "www.chess-mail.com"]
[Date "2015.02.07"]
[Round "1"]
[White "Tenzinnima"]
[Black "Vega"]
[WhiteElo "2250"]
[BlackElo "2480"]
[Result "0-1"]
[Round "1"]
1.d4 Ng8f6
2.Bc1g5 c5
3.c3 e6
4.e4 Qd8b6
5.Nb1d2 Qb6xb2
6.e5 Nf6d5
7.Nd2e4 Nd5xc3
8.Ne4xc3 Qb2xc3
9.Bg5d2 Qc3xd4
10.Ng1f3 Qd4d5
11.Qd1c2 Nb8c6
12.Bf1c4 Nc6d4
13.Qc2c3 Qd5e4
14.Kf1 Nd4xf3
15.gxf3 Qe4d4
16.Rh1g1 Qd4xc3
17.Bd2xc3 g6
{ resign }
0-1

[Event "1/32 Finale"]
[Site "www.chess-mail.com"]
[Date "2015.02.07"]
[Round "1"]
[White "Picifarkinca"]
[Black "Generalfree"]
[WhiteElo "2070"]
[BlackElo "1850"]
[Result "1-0"]
[Round "1"]
1.Ng1f3 Ng8f6
2.c4 c5
3.Nb1c3 e6
4.e4 d6
5.d4 cxd4
6.Nf3xd4 h6
7.Bf1e2 Nb8c6
8.Bc1e3 a6
9.O-O Nc6xd4
10.Be3xd4 g6
11.Qd1d3 e5
12.Bd4e3 h5
13.f3 Bc8e6
14.Nc3d5 Nf6xd5
15.cxd5 Be6d7
16.Rf1c1 Bd7b5
17.Qd3d2 Bb5xe2
18.Qd2xe2 b5
19.Rc1c6 Qd8e7
20.Ra1c1 Qe7d7
21.Be3b6 Bf8e7
22.Rc6c7 Qd7d8
23.Rc7b7 Ra8c8
24.Rb7xe7 Qd8xe7
25.Rc1xc8 { resign }
1-0

[Event "1/128 Finale"]
[Site "www.chess-mail.com"]
[Date "2015.02.07"]
[Round "1"]
[White "Nimzo2"]
[Black "Attatroll"]
[WhiteElo "1499"]
[BlackElo "1990"]
[Result "1-0"]
[Round "1"]
1.c4 f5
2.Nb1c3 Ng8f6
3.g3 g6
4.Bf1g2 c6
5.Ng1h3 Bf8g7
6.O-O O-O
7.d4 d6
8.Bc1g5 Nb8d7
9.d5 c5
10.Nh3f4 Nd7e5
11.Bg5xf6 Bg7xf6
12.Qd1b3 Qd8b6
13.Rf1d1 Qb6xb3
14.axb3 Bc8d7
15.Rd1d2 Bf6g5
16.e3 Ne5g4
17.Nc3e2 a6
18.h3 Ng4e5
19.Nf4d3 Ne5xd3
20.Rd2xd3 Kg7
21.Ne2f4 a5
22.Nf4e6 Bd7xe6
23.dxe6 Ra8a7
24.f4 Bg5f6
25.Rd3d2 g5
26.Bg2d5 gxf4
27.gxf4 Kh6
28.Rd2g2 b6
29.Bd5c6 Ra7c7
30.Bc6d7 Rc7b7
31.Ra1e1 Rb7b8
32.Re1e2 Rf8g8
33.Kf1 Rg8g6
34.Rg2xg6 hxg6
35.Kf2 Rb8h8
36.Kf3 Kg7
37.Kg3 Bf6h4
38.Kf3 Bh4f6
39.Re2h2 Bf6xb2
40.Rh2xb2 Rh8xh3
41.Kg2 Rh3xe3
42.Kf2 Re3c3
43.Bd7a4 Kf6
44.Rb2e2 g5
45.fxg5 Kxg5
46.Ke1 f4
47.Kd2 Rc3h3
48.Kc2 f3
49.Re2f2 Kf4
50.Kd3 Kg3
51.Ke3 Kg4
52.Ba4c6 Rh3h6
53.Bc6xf3 Kg3
54.Bf3d5 Kg4
55.Rf2f7 Rh6h3
56.Bd5f3 Kg5
57.Kf2 Rh3h2
58.Bf3g2 Rh2h6
59.Rf7xe7 Kf6
60.Re7e8 Rh6h7
61.Bg2c6 Rh7c7
62.Bc6d7 Rc7b7
63.Ke3 Rb7a7
64.Ke4 Ra7c7
65.Kd5 { resign }
1-0

[Event "1/64 Finale"]
[Site "www.chess-mail.com"]
[Date "2015.02.07"]
[Round "1"]
[White "Ff333"]
[Black "Cathar"]
[WhiteElo "2040"]
[BlackElo "2120"]
[Result "0-1"]
[Round "1"]
1.e4 c5
2.g3 Nb8c6
3.Bf1g2 g6
4.Ng1f3 Bf8g7
5.O-O e5
6.Nb1a3 Ng8e7
7.Na3c4 d6
8.d3 O-O
9.a3 h6
10.Bc1e3 b5
11.Nc4d2 f5
12.exf5 gxf5
13.Nf3h4 f4
14.Nd2e4 fxe3
15.fxe3 Bc8e6
16.Rf1xf8 Qd8xf8
17.Ne4xd6 Ra8d8
18.Nd6b7 Rd8c8
19.Nb7xc5 Be6d5
20.e4 Bd5f7
21.Bg2h3 Rc8d8
22.Nh4f5 Ne7xf5
23.Bh3xf5 Qf8xc5
24.Kg2 Nc6d4
25.c3 Nd4xf5
26.exf5 Qc5d5
27.Kg1 Qd5xd3
{ resign }
0-1

[Event "1/8 Finale"]
[Site "www.chess-mail.com"]
[Date "2015.02.07"]
[Round "1"]
[White "Averoes"]
[Black "Hwj"]
[WhiteElo "2180"]
[BlackElo "2760"]
[Result "0-1"]
[Round "1"]
1.d4 Ng8f6
2.c4 e6
3.Ng1f3 b6
4.g3 Bc8b7
5.Bf1g2 c5
6.d5 exd5
7.Nf3h4 g6
8.cxd5 Bf8g7
9.Nb1c3 O-O
10.e4 Bb7a6
11.Bg2f1 Nf6xe4
12.Bf1xa6 Ne4xc3
13.bxc3 Bg7xc3
14.Bc1d2 Bc3xd2
{ resign }
0-1

[Event "Eq:Slap Shot Mates-Clubul Central de Sah : "]
[Site "www.chess-mail.com"]
[Date "2015.02.07"]
[Round "1"]
[White "Calulalb"]
[Black "Edijs"]
[WhiteElo "2650"]
[BlackElo "2700"]
[Result "0-1"]
[Round "1"]
1.c4 g6
2.e4 Bf8g7
3.d4 d6
4.Nb1c3 e5
5.Ng1f3 Nb8c6
6.d5 Nc6e7
7.Bf1e2 f5
8.exf5 Ne7xf5
9.Bc1g5 Ng8f6
10.g4 Nf5e7
11.Nf3d2 h6
12.Bg5xf6 Bg7xf6
13.Nd2e4 O-O
14.h4 Bf6g7
15.f3 Bc8d7
16.Qd1b3 b6
17.O-O-O a6
18.Kb1 Kh8
19.h5 g5
20.Rd1d3 Qd8b8
21.Nc3d1 Bd7e8
22.Nd1e3 Be8f7
23.Rh1c1 Bf7g8
24.Qb3d1 Bg8h7
25.Rd3b3 Rf8f4
26.Be2d3 Qb8f8
27.Ne4d2 Bh7xd3
28.Rb3xd3 e4
29.Nd2xe4 Rf4xf3
30.Ne3g2 Rf3f7
31.Rd3b3 Ra8e8
32.Rb3e3 Ne7g8
33.a3 Re8e7
34.Qd1d3 Qf8c8
35.Qd3d1 Rf7f8
36.Rc1c2 Rf8e8
37.Qd1f3 Bg7d4
38.Re3e2 Re8f8
39.Qf3h3 Qc8d7
40.Rc2d2 Bd4g7
41.Ne4f2 Ng8f6
42.Ng2e3 Rf8e8
43.Qh3f3 Re7f7
44.Rd2c2 b5
45.Nf2d1 Re8e4
46.Re2f2 Re4f4
47.Qf3h3 Kg8
48.cxb5 axb5
49.Kc1 b4
50.axb4 Rf4xb4
51.Qh3f1 Qd7a4
52.Rc2c3 Rb4f4
53.Rf2xf4 gxf4
54.Ne3f5 Nf6xg4
55.Nf5xg7 Ng4e3
56.Qf1e2 Qa4a1
57.Kd2 Kxg7
58.Nd1xe3 fxe3
59.Qe2xe3 Qa1xb2
60.Rc3c2 Qb2f6
61.Qe3c3 Qf6xc3
62.Kxc3 Rf7f5
63.Kd4 Rf5xh5
64.Rc2xc7 Kf6
{ resign }
0-1

[Event "Eq:Cats in the rain-Los Tercios : "]
[Site "www.chess-mail.com"]
[Date "2015.02.07"]
[Round "1"]
[White "Churrasca"]
[Black "Amaya"]
[WhiteElo "2149"]
[BlackElo "1890"]
[Result "1-0"]
[Round "1"]
1.e4 e6
2.d4 d5
3.Nb1c3 Bf8b4
4.e5 c5
5.a3 Bb4xc3
6.bxc3 Ng8e7
7.Ng1f3 Qd8c7
8.a4 cxd4
9.cxd4 Nb8c6
10.Bf1e2 Bc8d7
11.O-O Ne7f5
12.Bc1a3 Nc6a5
13.Qd1d2 Na5c4
14.Be2xc4 Qc7xc4
15.a5 Ra8c8
16.Rf1c1 Bd7a4
17.Ra1b1 Ba4b5
18.c3 Nf5e7
19.Qd2b2 Bb5a6
20.Ba3c5 Ne7c6
21.Nf3d2 Qc4e2
22.Rc1e1 Qe2g4
23.h3 Qg4g5
24.Nd2b3 Ba6d3
25.Rb1d1 Bd3e4
26.g3 h5
27.Nb3d2 Nc6xa5
28.Nd2xe4 dxe4
29.Re1xe4 g6
30.Qb2b5 Na5c6
31.Qb5xb7 Qg5d8
32.d5 Rc8c7
33.Qb7b5 Qd8b8
34.Qb5xb8 Nc6xb8
35.Bc5d6 { resign }
1-0

[Event "Eq:Slap Shot Mates-Los Tercios : "]
[Site "www.chess-mail.com"]
[Date "2015.02.07"]
[Round "1"]
[White "Churrasca"]
[Black "Witpar"]
[WhiteElo "2149"]
[BlackElo "2680"]
[Result "0-1"]
[Round "1"]
1.e4 c5
2.Ng1f3 e6
3.Nb1c3 a6
4.d4 cxd4
5.Nf3xd4 Qd8c7
6.Bc1e3 Bf8b4
7.Qd1d3 Ng8f6
8.Nd4e2 O-O
9.Be3f4 Qc7a5
10.O-O-O Nb8c6
11.a3 Bb4c5
12.f3 d5
13.exd5 Rf8d8
14.Kb1 Nf6xd5
15.Bf4g5 Nd5xc3
16.Qd3xc3 Rd8xd1
17.Ka2 Nc6b4
18.Kb3 b5
19.axb4 Qa5a4
{ resign }
0-1

[Event "Eq:BEAC Hungary-CONFOEDERATIONIS HELVETICAE : "]
[Site "www.chess-mail.com"]
[Date "2015.02.07"]
[Round "1"]
[White "Gallows"]
[Black "Hali"]
[WhiteElo "2410"]
[BlackElo "2160"]
[Result "1-0"]
[Round "1"]
1.d4 d5
2.c4 c6
3.Nb1c3 Ng8f6
4.Ng1f3 e6
5.Bc1g5 h6
6.Bg5xf6 Qd8xf6
7.e3 Bf8d6
8.a3 O-O
9.Qd1c2 Nb8d7
10.h3 c5
11.cxd5 cxd4
12.Nf3xd4 exd5
13.Nc3xd5 Qf6g5
14.Nd5c3 b6
15.Qc2e4 Ra8b8
16.Nd4e6 fxe6
17.Qe4xe6 Kh8
18.Qe6xd6 Qg5f5
19.f3 Bc8b7
20.O-O-O Nd7c5
21.e4 Qf5g5
22.Kc2 Rf8d8
23.h4 Qg5h5
24.Qd6xd8 Rb8xd8
25.Rd1xd8 Kh7
26.Bf1c4 Qh5e5
27.Bc4g8 Kg6
28.Rd8f8 Qe5g3
29.h5 { resign }
1-0